Rosco de Pasapalabra #60 - Estadísticas

Estadísticas generales
  • Esta prueba ha sido intentada 295 veces
  • La puntuación promedio es 12 de 25
Estadísticas de respuestas
Inicial Definición Respuesta % Correcto
B Plátano, fruto del platanero Banana
98%
D Bajar, ir desde un lugar a otro más bajo Descender
94%
J Estuche o caja para guardar joyas Joyero
93%
F Elemento químico, de símbolo P, que se usa en la fabricación de cerillas Fósforo
92%
C Casa donde viven en comunidad los monjes o monjas de una orden religiosa Convento
82%
N Sueldo que percibe un empleado por desempeñar su trabajo Nómina
72%
T Ciudad que es capital de Albania Tirana
72%
A Máquina automóvil que rueda sobre unos cilindros muy pesados, y que se usa para allanar caminos o pavimentos Apisonadora
70%
H Ocupar alguien un edificio u otra construcción como residencia habitual Habitar
70%
Contiene la X Calzoncillo parecido a un pantalón corto Bóxer
64%
Contiene la Q Sustancia negruzca y pegajosa, usada para pavimentar carreteras Alquitrán
63%
L Enchufe múltiple que, adaptado a una toma de corriente eléctrica, permite conectar varios aparatos Ladrón
61%
Contiene la Ñ Chocar los dientes de una mandíbula con los de otra con temblor producido por miedo o frío Castañetear
50%
S Aparato instalado en el cuarto de baño para la higiene personal, como el lavabo, el bidé y el retrete Sanitario
36%
Z Se dice del ave que tiene los tarsos muy largos y desprovistos de plumas, como la cigüeña o la grulla Zancudo
27%
O Pieza de música instrumental con que se da principio a una ópera, oratorio u otra composición lírica Obertura
26%
V Reunión o tertulia de personas después de cenar para conversar o entretenerse de algún modo Velada
25%
E Oficina de correos, particularmente cada sucursal de la oficina central situada en una población grande Estafeta
21%
I Especialista en la parte de la zoología que trata de los peces Ictiólogo
18%
R Conjunto de cosas enviadas o recibidas de una vez Remesa
16%
U Novillo desde los dos años hasta cumplir los tres Utrero
6%
G Apellido del médico que creó la doctrina psicológica de la frenología Gall
4%
M Nombre del caudillo ibero que, junto con Índibil, dirigió una revuelta contra los romanos en el siglo III antes de Cristo Mandonio
4%
Contiene la Y En marina, unión o costura de dos cabos Ayuste
2%
P Coloquialmente, moneda de oro española acuñada con el busto de uno de los reyes de la casa de Borbón hasta Carlos IV Pelucona
2%
No se encontraron pruebas coincidentes
Distribución de puntuación
Porcentaje de gente con cada puntuación
Porcentaje por número respondido
Historial de tus puntuaciones
No has intentado esta prueba.